Entrepreneurship <a> contemporary approach
Guardado en:
| Autor principal: | |
|---|---|
| Otros Autores: | |
| Formato: | Libro |
| Lenguaje: | inglés |
| Publicado: |
Fort Worth
Harcourt College Publishers
2001
|
| Edición: | 5. ed. |
| Materias: | |
| Etiquetas: |
Sin Etiquetas, Sea el primero en etiquetar este registro!
|
MARC
| LEADER | 00000nam a2200000 4500 | ||
|---|---|---|---|
| 001 | c137814 | ||
| 005 | 20221124104452.5 | ||
| 020 | |a 0-03-019604-3 | ||
| 041 | 0 | |a eng | |
| 044 | |a US | ||
| 245 | 1 | 0 | |a Entrepreneurship |b <a> contemporary approach |c Donald F. Kuratko, Richard M. Hodgetts |
| 250 | |a 5. ed. | ||
| 264 | 1 | |a Fort Worth |b Harcourt College Publishers |c 2001 | |
| 300 | |a 722 s. | ||
| 610 | 2 | 0 | |a podnikanie |
| 610 | 2 | 0 | |a plán podnikateľský |
| 610 | 2 | 0 | |a riziko podnikateľské |
| 610 | 2 | 0 | |a zámery podnikateľské |
| 610 | 2 | 0 | |a plánovanie strategické |
| 610 | 2 | 0 | |a manažment |
| 610 | 2 | 0 | |a podnikanie rodinné |
| 610 | 2 | 0 | |a podnikanie rizikové |
| 610 | 2 | 0 | |a podnikatelia |
| 610 | 2 | 0 | |a efektívnosť podnikania |
| 610 | 2 | 0 | |a etika podnikateľská |
| 100 | 1 | |a Kuratko, Donald F. | |
| 700 | 1 | |a Hodgetts, Richard M. | |